| 000 | 00644nam a2200193Ia 4500 | ||
|---|---|---|---|
| 008 | 130821s2011 xxu gr eng | ||
| 020 | _a9780195375084 | ||
| 040 |
_aCo-BoUCM _bspa |
||
| 041 | 0 | 0 | _aeng |
| 100 | 1 |
_aStaggenborg, Suzanne _9167576 |
|
| 245 | 1 | 0 |
_aSocial Movements _cSuzanne Staggenborg |
| 260 |
_aNueva York (Estados Unidos) _bOxford University Press _c2011 |
||
| 300 | _ax, 211 páginas | ||
| 504 | _aIncluye referencias bibliográficas, glosario e índice. | ||
| 650 | 0 | 4 |
_aMovimientos sociales _919847 |
| 650 | 0 | 4 |
_aSociología _9386 |
| 942 |
_cLIBRO _a5 _e1 _mS779s _2DEWEY _h303.484 |
||
| 999 |
_c70030 _d70030 |
||